Music Quiz

Random Music or Song Quiz

Album Map: Pet Sounds Quiz Stats

 Plays Quiz not verified by Sporcle

Challenge
Share
Tweet
Score 0/13 Timer 04:00
0 Plays Today
% Correct
God Only Knows
90.8%
Wouldn't It Be Nice
85.6%
Sloop John B
85.6%
Pet Sounds
81%
Caroline, No
79.3%
I Just Wasn't Made for These Times
59.8%
Don't Talk (Put Your Head On My Shoulder)
58%
I Know There's an Answer
51.1%
You Still Believe in Me
48.9%
That's Not Me
47.7%
Here Today
44.3%
Let's Go Away for Awhile
42%
I'm Waiting for the Day
40.8%

You're not logged in!

Compare scores with friends on all Sporcle quizzes.
Join for Free
OR
Log In

You Might Also Like...

Show Comments

Extras

Top Quizzes Today


Score Distribution

Your Account Isn't Verified!

In order to create a playlist on Sporcle, you need to verify the email address you used during registration. Go to your Sporcle Settings to finish the process.

Report this User

Report this user for behavior that violates our Community Guidelines.

Details: